Zur Attraktivität von Nachentrichtung und Zuschuss zur Nachentrichtung für ehemalige landwirtschaftliche Unternehmer.

Príplatky k dôchodkovému poisteniu v SRN podľa zákona o reforme dôchodkového zabezpečenia v r. 1992. Špecifiká dôchodkového poistenia v poľnohospodárstve. Podmienky oslobodenia od platenia poistného. Dôsledky zníženia príjmov v poľnohospodárstve pre dôchodkové poistenie.

Enregistré dans:
Détails bibliographiques
Auteur principal: Schulz-Greve, W.
Format: Chapitre de livre
Langue:allemand
Sujets:
Tags: Ajouter un tag
Pas de tags, Soyez le premier à ajouter un tag!

MARC

LEADER 00000naa a2200000 4500
001 r010550
005 20221130112519.5
041 0 |a ger 
044 |a DE 
245 1 0 |a Zur Attraktivität von Nachentrichtung und Zuschuss zur Nachentrichtung für ehemalige landwirtschaftliche Unternehmer.  |c W. Schulz-Greve 
520 |a Príplatky k dôchodkovému poisteniu v SRN podľa zákona o reforme dôchodkového zabezpečenia v r. 1992. Špecifiká dôchodkového poistenia v poľnohospodárstve. Podmienky oslobodenia od platenia poistného. Dôsledky zníženia príjmov v poľnohospodárstve pre dôchodkové poistenie. 
610 2 0 |a poistenie dôchodkové 
610 2 0 |a Nemecko 
610 2 0 |a podnikatelia 
610 2 0 |a poľnohospodárstvo 
610 2 0 |a poistné 
610 2 0 |a 1992 
610 2 0 |a zabezpečenie dôchodkové 
610 2 0 |a príplatky 
100 1 |a Schulz-Greve, W.